<?xml version="1.0" encoding="UTF-8"?>
<record
    xmlns:xsi="http://www.w3.org/2001/XMLSchema-instance"
    xsi:schemaLocation="http://www.loc.gov/MARC21/slim http://www.loc.gov/standards/marcxml/schema/MARC21slim.xsd"
    xmlns="http://www.loc.gov/MARC21/slim">

  <leader>00876nam a2200217 i 4500</leader>
  <controlfield tag="001">34719</controlfield>
  <controlfield tag="003">ES-MaACL</controlfield>
  <controlfield tag="005">20251003184856.0</controlfield>
  <controlfield tag="007">t|</controlfield>
  <controlfield tag="008">030207s1902    sp           ||||1| spa d</controlfield>
  <datafield tag="100" ind1="1" ind2=" ">
    <subfield code="a">Boas, Ismar (</subfield>
    <subfield code="d">1858-1938)</subfield>
    <subfield code="9">29636</subfield>
  </datafield>
  <datafield tag="245" ind1="1" ind2="0">
    <subfield code="a">Diagn&#xF3;stico y tratamiento de las enfermedades del est&#xF3;mago seg&#xFA;n el estado actual de la ciencia / </subfield>
    <subfield code="c">por J. Boas ; cuarta edici&#xF3;n corregida y aumentada por Rafael del Valle, Miguel Gil y Casares ; con un pr&#xF3;logo de Eduardo Moreno Zaneudo.</subfield>
  </datafield>
  <datafield tag="260" ind1=" " ind2=" ">
    <subfield code="a">Madrid : </subfield>
    <subfield code="b">[s.n., </subfield>
    <subfield code="c">1902] (</subfield>
    <subfield code="f">Nicol&#xE1;s Moya)</subfield>
  </datafield>
  <datafield tag="300" ind1=" " ind2=" ">
    <subfield code="a">2 v. ; </subfield>
    <subfield code="c">25 cm.</subfield>
  </datafield>
  <datafield tag="650" ind1=" " ind2="4">
    <subfield code="a">Est&#xF3;mago-</subfield>
    <subfield code="x">Enfermedades.</subfield>
    <subfield code="9">136069</subfield>
  </datafield>
  <datafield tag="700" ind1="1" ind2=" ">
    <subfield code="a">Valle, Rafael del.</subfield>
    <subfield code="9">112774</subfield>
  </datafield>
  <datafield tag="700" ind1="1" ind2=" ">
    <subfield code="a">Gil-Casares, Miguel, </subfield>
    <subfield code="d">1871-1931</subfield>
    <subfield code="9">56893</subfield>
  </datafield>
  <datafield tag="700" ind1="1" ind2=" ">
    <subfield code="a">Moreno Zancudo, Eduardo, </subfield>
    <subfield code="d">1853-1908</subfield>
    <subfield code="9">158923</subfield>
  </datafield>
  <datafield tag="852" ind1=" " ind2=" ">
    <subfield code="a">ES-MaACL</subfield>
    <subfield code="j">E-1476-77</subfield>
  </datafield>
  <datafield tag="999" ind1=" " ind2=" ">
    <subfield code="c">34719</subfield>
    <subfield code="d">34719</subfield>
  </datafield>
  <datafield tag="952" ind1=" " ind2=" ">
    <subfield code="0">0</subfield>
    <subfield code="1">0</subfield>
    <subfield code="4">0</subfield>
    <subfield code="7">0</subfield>
    <subfield code="a">ATENEOM</subfield>
    <subfield code="b">ATENEOM</subfield>
    <subfield code="c">DEPO2</subfield>
    <subfield code="d">2008-01-17</subfield>
    <subfield code="e">SC</subfield>
    <subfield code="l">0</subfield>
    <subfield code="o">E-1476-77</subfield>
    <subfield code="p">1036227</subfield>
    <subfield code="r">2023-02-23 00:00:00</subfield>
    <subfield code="w">2023-02-23</subfield>
    <subfield code="y">MONOGRAFIA</subfield>
  </datafield>
</record>
